000 00625nam a2200277Ia 4500
005 20260324121233.0
008 008 260324s9999 xx 000 0 eng d
020 _a9780429156632
037 _aEBOOK
040 _aCRL
040 _beng
040 _cCRL
041 _2eng
041 _aeng
084 _qCRL
100 _aPierre Falzon
_91161736
245 0 _aConstructive Ergonomics
260 _bTaylor and Francis
260 _c2014
365 _a
365 _b240
856 _uhttp://www.taylorfrancis.com/books/9780429156632
942 _cEBOOK
999 _c1753709
_d1753709